000 00700cam a22002174a 4500
001 13532228
005 20240829114424.0
008 040319s2005 paua b 001 0 eng
020 _a0803612672 (hardcover : alk. paper)
050 0 0 _aRC440
_b.T689 2005
082 0 0 _a616.89/0231
_222
100 1 _aTownsend, Mary C.,
_d1941-
245 1 0 _aEssentials of psychiatric mental health nursing /
_cMary C. Townsend.
250 _a3rd ed.
260 _aPhiladelphia :
_bF.A. Davis,
_cc2005.
300 _axx, 697 p. :
_bcol. ill. ;
_c25 cm. +
_e1 CD-ROM (4 3/4 in.)
650 0 _aPsychiatric nursing.
650 1 2 _aPsychiatric Nursing
_xmethods.
650 2 2 _aMental Disorders
_xnursing.
942 _2lcc
_cBK
_n0
999 _c28
_d28